01068nam a2200229 a 450000100060000000300090000600800410001502000150005604000280007108200170009910000240011624500520014025000060019226000300019830000090022850504980023765000160073565000250075165000280077665000150080465000190081922197CO-ViMGA141112s2004 ck r 000 u spa d a842771503X aCO-ViMGAbspacCO-ViMGA04a371.13 U714r1 aUrbieta, Jose Ramon10aEl regalo de si mismo : bEducarnos para educar a2 aMadrid : bNarcea, c2006 a166p aLas ventanas por donde miramos la educación 33 - - Los adultos tambien crecemos 49 - - Etapas en el crecimiento de los adultos 65 - - Cuidar el interior para volar con los pies en la tierra 79 - - El tutor que armoniza nuestra vida interior 101 - - El miedo a la interioridad nos impide ir por delante de la vida 117 - - El educador está llamado a volar y a coger altura como un águila 137 - - El educador está llamado a trabajar su tierra con el afán de la gallina en libertad 149 14aEDUCACIÓN14aEDUCACIÓN FAMILIAR14aFORMACIÓN PROFESIONAL14aPROFESORES14aTRABAJO SOCIAL